ترکی با ترکی / (Record no. 107013)

MARC details
000 -LEADER
fixed length control field 00886nam a22002537a 4500
005 - DATE AND TIME OF LATEST TRANSACTION
control field 20170123162320.0
010 ## - LIBRARY OF CONGRESS CONTROL NUMBER
LC control number B-050502
020 ## - INTERNATIONAL STANDARD BOOK NUMBER
International Standard Book Number 100.00
035 ## - SYSTEM CONTROL NUMBER
System control number B-050502
037 ## - SOURCE OF ACQUISITION
Source of stock number/acquisition Cen Lib/Ret
040 ## - CATALOGING SOURCE
Original cataloging agency DPL
Language of cataloging UR
082 ## - DEWEY DECIMAL CLASSIFICATION NUMBER
Classification number 847
Item number پ ر و
100 ## - MAIN ENTRY--PERSONAL NAME
Personal name پرویز یداللہ مہندی
9 (RLIN) 116630
245 ## - TITLE STATEMENT
Title ترکی با ترکی /
Statement of responsibility, etc پرویز یداللہ مہندی
Remainder of title حدیث غاشیہ /
246 ## - VARYING FORM OF TITLE
Title proper/short title Turki ba turki /
Remainder of title by Parvez Yadullah Mehndi
260 ## - PUBLICATION, DISTRIBUTION, ETC. (IMPRINT)
Place of publication, distribution, etc حیدرآباد
Name of publisher, distributor, etc زندہ لان
Date of publication, distribution, etc 2001
270 ## - ADDRESS
City حیدرآباد
Address ٣١، مجر داگاہ معظم حاجی مارکیٹ
300 ## - PHYSICAL DESCRIPTION
Extent 144p.
Dimensions 20cm(Hb)
650 ## - SUBJECT ADDED ENTRY--TOPICAL TERM
Topical term or geographic name as entry element اردو ادب
9 (RLIN) 116631
650 ## - SUBJECT ADDED ENTRY--TOPICAL TERM
Topical term or geographic name as entry element اردو سوانے عمری
9 (RLIN) 116632
650 ## - SUBJECT ADDED ENTRY--TOPICAL TERM
Topical term or geographic name as entry element Urdu literature
9 (RLIN) 116633
650 ## - SUBJECT ADDED ENTRY--TOPICAL TERM
Topical term or geographic name as entry element Urdu biography
9 (RLIN) 511
942 ## - ADDED ENTRY ELEMENTS (KOHA)
Source of classification or shelving scheme Dewey Decimal Classification
Koha item type Urdu Bks
Classification part 847
Call number suffix پ ر و
Holdings
Withdrawn status Lost status Damaged status Not for loan Home library Current library Date acquired Source of acquisition Cost, normal purchase price Total Checkouts Full call number Barcode Date last seen Date checked out Copy number Cost, replacement price Price effective from Koha item type
        Central Library Central Library 01/01/2016 Cen Lib/Ret 100.00 1 847 پ ر و B-050502 05/03/2019 02/03/2019 1 100.00 01/01/2016 Urdu Bks

© Delhi Public Library
Hit Counter
free hit counter